| 000 | 00760cam a2200217 4500 | ||
|---|---|---|---|
| 001 | WB3606-01 | ||
| 008 | 000000n2000 000 0 eng u | ||
| 035 | _a(Sirsi) u104094 | ||
| 245 | _aReputation takes a hammering | ||
| 260 | _c2000 | ||
| 490 |
_aFinancial Times _v8 February 2000, 13(1) |
||
| 520 | _aThe US Justice Department is investigating a 'gentleman's agreement' between Sotheby's and Christie's relating to the alleged fixing of levels of commission. The EU has also announced that their competition commission will launch a similar enquiry. | ||
| 590 | _aWB | ||
| 650 | _aAUCTION HOUSES | ||
| 650 | _aCOMMISSION | ||
| 650 | _aSOTHEBYS | ||
| 650 | _aCHRISTIES | ||
| 650 | _aPRICE FIXING | ||
| 690 |
_aAuctioneering _96218 |
||
| 942 | _n0 | ||
| 999 |
_c62469 _d62469 |
||